Žatva na akciových trhoch podielové fondy od 27. januára 2012 do 24. februára 2012
Ekonomické dáta z USA a údaje v Európe. Zaostávanie európskych akciových trhov v porovnaní s ostatnými trhmi. Výkonnosť podielových fondov. Predpokladaný očakávaný vývoj.
Saved in:
| Main Author: | |
|---|---|
| Format: | Book Chapter |
| Language: | Slovak |
| Subjects: | |
| Tags: |
No Tags, Be the first to tag this record!
|
MARC
| LEADER | 00000naa a2200000 4500 | ||
|---|---|---|---|
| 001 | 0149488 | ||
| 005 | 20231019092450.4 | ||
| 041 | 0 | |a slo | |
| 044 | |a SK | ||
| 245 | 1 | 0 | |a Žatva na akciových trhoch |b podielové fondy od 27. januára 2012 do 24. februára 2012 |c Michael Hanson |
| 520 | |a Ekonomické dáta z USA a údaje v Európe. Zaostávanie európskych akciových trhov v porovnaní s ostatnými trhmi. Výkonnosť podielových fondov. Predpokladaný očakávaný vývoj. | ||
| 610 | 2 | 0 | |a trh kapitálový |
| 610 | 2 | 0 | |a trh burzový |
| 610 | 2 | 0 | |a fondy podielové |
| 610 | 2 | 0 | |a fondy dlhopisové |
| 610 | 2 | 0 | |a akcie |
| 610 | 2 | 0 | |a dlhopisy |
| 100 | 1 | |a Hanson, Michael | |